MARC

LEADER 00000nam0a2200000 4500
001 295214
005 20231102000803.0
035 |a (RuTPU)RU\TPU\book\320291 
090 |a 295214 
100 |a 20150521d1977 km y0rusy50 ca 
101 0 |a rus 
102 |a RU 
105 |a a z 001zy 
200 1 |a Ремонт корпусов паровых турбин  |f Б. Б. Новиков, Е. В. Леонтьев, В. И. Дроздов 
210 |a Москва  |c Энергия  |d 1977 
215 |a 72 с.  |c ил. 
225 1 |a Библиотека тепломонтажника 
320 |a Библиогр.: с. 71. 
606 1 |a Паровые турбины  |2 stltpush  |3 (RuTPU)RU\TPU\subj\74182  |9 86661 
610 1 |a корпуса 
610 1 |a конструкция 
610 1 |a ремонт 
610 1 |a работа 
610 1 |a сборка 
610 1 |a крепежные детали 
675 |a 621.165  |v 3 
700 1 |a Новиков  |b Б. Б.  |g Борис Борисович 
701 1 |a Леонтьев  |b Е. В.  |g Евгений Владимирович 
701 1 |a Дроздов  |b В. И.  |g Виктор Иванович 
801 1 |a RU  |b 63413507  |c 20150521 
801 2 |a RU  |b 63413507  |c 20200110  |g RCR 
942 |c BK